00289nam a2200121Ia 4500008004100000082001700041100002700058245003400085250000800119260002400127300000800151650000800159191201s2011 xx 000 0 und d a368.001bTRI aTRIPATHY, Nalini Prava 0aInsurance Theory and Practice aRep aN. DelhibPHIc2011 a236 aBBA